000 00456nam a2200145 a 4500
001 1764
005 20140414131902.0
008 001219s19uu xx 00 eng d
050 _aFIC
_bD19 1956
100 _aWilliams, Jay
245 _aDanny Dunn and the Anti-gravity paint /
_cby Jay Williams & Raymond Abrashkin ; illustrated by Ezra Jack Keats.
260 _aNew York :
_bWhittlesey House,
_c1956.
300 _a154 p. : ill. ; cm.
999 _c110710
_d110710